|
|
|
|
| LEADER |
00000nkm a2200000 a 4500 |
| 001 |
vtls011890548 |
| 003 |
SK-MaSNL |
| 005 |
20260512124249.0 |
| 007 |
kp ao |
| 008 |
240703q1927 xo g kuslo |
| 015 |
|
|
|a SNBG1927
|
| 035 |
|
|
|a urn:nbn:sk:snk-km00eflk
|
| 035 |
|
|
|a urn:nbn:sk:snk-km43df2
|
| 035 |
|
|
|a 13E85AD4-9080-4BEC-AC2F-CD5CD33CEC87
|
| 040 |
|
|
|a SNK
|b slo
|c SNK
|e AACR2
|
| 041 |
0 |
|
|a slo
|
| 043 |
|
|
|a e-xo---
|
| 044 |
|
|
|a xo
|c SK
|
| 072 |
|
7 |
|a 913
|x Regionálna geografia
|2 konspekt
|
| 080 |
|
|
|a 913(437.6)
|2 2011
|
| 080 |
|
|
|a 711.73
|2 2011
|
| 080 |
|
|
|a (084.121)
|2 2011
|
| 080 |
|
|
|a 725.1
|2 2011
|
| 245 |
0 |
0 |
|a Nitra
|h grafika
|b Wilsonova
|
| 260 |
|
|
|a Nitra
|b Armin Schwarz
|c [1927?]
|
| 300 |
|
|
|a 1 pohľadnica
|b tónovaná do hneda
|c 9 x 14 cm
|
| 520 |
8 |
|
|a Zobrazenie: Pohľad v bielom orámovaní na Wilsonovu ulicu (dnes Štefánikovu - pešiu zónu). Vpravo v popredí vidno pred radmi budov vonkajšiu terasu. Vpravo pred ňou sú dva listnaté stromy na okraji chodníka. V pozadí za terasou pokračuje rad stromov na chodníku. Vľavo vidno rad vysokých hustých listnatých stromov pozdĺž ulice. Na ulici aj chodníkoch je niekoľko ľudí. Vľavo v pozadí je aj konský povoz. Posledná budova v rade budov vpravo je Mestský dom (dnes Ponitrinaske múzeum). V pozadí na konci ulice vidno dve poschodové budovy kolmé na rad budov v popredí
|
| 650 |
0 |
7 |
|a ulice
|2 SNKPH
|9 2938
|
| 650 |
0 |
7 |
|a verejné budovy
|2 SNKPH
|9 2985
|
| 651 |
|
7 |
|a Nitra (Slovensko)
|2 SNKPHgeo
|9 15714
|
| 651 |
|
7 |
|a Štefánikova trieda (Nitra, Slovensko)
|2 SNKPHgeo
|9 190476
|
| 655 |
|
7 |
|a miestne pohľadnice
|2 SNKPH
|9 70510
|
| 852 |
|
|
|a Slovenská národná knižnica
|
| 958 |
|
|
|a EUIPO
|
| 958 |
|
|
|a GBN
|
| 958 |
|
|
|a GC
|
| 958 |
|
|
|a OND
|
| 999 |
|
|
|c 863192
|d 865122
|
| 952 |
|
|
|a SNK
|b SNK
|y PREZ
|7 0
|p 17A1381981
|o snkSP 33208
|z Pohľadnica prešla poštou.
|0 0
|1 0
|4 0
|d 2019-10-01
|f 1
|l 0
|r 2026-02-24 05:18:18
|w 2026-02-24
|